000 01087pam a2200313 a 4500
001 4714396
003 NUST-PNEC
005 20170116180716.0
008 830517s1984 nyua d 000 0 eng
010 _a 83011302
020 _a0070452695 :
040 _aDLC
_cPNEC
_dDLC
050 0 0 _aQ123
_b.M34 1984
060 _aQ 123 M147
082 0 0 _a503.21 PAR
100 _9686
_aParker Sybil P.
245 0 0 _aMcGraw-Hill dictionary of scientific and technical terms /
_cSybil P. Parker, editor in chief.
250 _a3rd ed.
260 _aNew York :
_bMcGraw-Hill Book Co.,
_cc1984.
300 _axv, 1781, 65 p. :
_bill. ;
_c29 cm.
500 _ahttp://www.amazon.com/McGraw-Hill-Dictionary-Scientific-Technical-Terms/dp/0070452695/ref=sr_1_1?s=books&ie=UTF8&qid=1413627884&sr=1-1&keywords=0070452695
650 0 _aScience
_xDictionaries. - EL, EE
650 0 _aTechnology
_xDictionaries.
650 2 _aScience
_xDictionaries.
650 2 _aTechnology
_xDictionaries.
700 1 _aParker, Sybil P.
906 _a7
_bcbc
_corignew
_d1
_eocip
_f19
_gy-gencatlg
942 _2ddc
_cBK
999 _c61150
_d61150